[Event "DEM U12 2019"]
[Site "Willingen GER"]
[Date "2019.06.12"]
[Round "5"]
[White "Foerster-Yialamas, Lucas"]
[Black "Klühs, Gustaf"]
[Result "1/2-1/2"]
[Termination "normal"]
[Board "1"]
[WhiteElo "1981"]
[BlackElo "1705"]
[WhiteClock "01:06:42"]
[BlackClock "01:11:43"]
[PlyCount "56"]
[WhiteFideId "30901774"]
[BlackFideId "16228936"]
[EventCountry "GER"]
[EventRounds "9"]
[EventType "swiss"]
[EventDate "2019.06.08"]

1. e4 {[%clk 1:30:58]} 1... c5 {[%clk 1:30:56]} 2. Nf3 {[%clk 1:31:23]} 2...
Nc6 {[%clk 1:31:22]} 3. d4 {[%clk 1:31:48]} 3... cxd4 {[%clk 1:31:51]} 4. Nxd4
{[%clk 1:32:12]} 4... Nf6 {[%clk 1:32:17]} 5. Nc3 {[%clk 1:32:36]} 5... e5 {
[%clk 1:32:37]} 6. Ndb5 {[%clk 1:32:59]} 6... d6 {[%clk 1:33:04]} 7. Bg5 {
[%clk 1:33:22]} 7... a6 {[%clk 1:33:32]} 8. Na3 {[%clk 1:33:45]} 8... b5 {
[%clk 1:33:58]} 9. Nd5 {[%clk 1:34:09]} 9... Be7 {[%clk 1:34:24]} 10. Bxf6 {
[%clk 1:34:31]} 10... Bxf6 {[%clk 1:34:51]} 11. c3 {[%clk 1:34:50]} 11... Bg5 {
[%clk 1:35:12]} 12. Nc2 {[%clk 1:35:08]} 12... O-O {[%clk 1:35:37]} 13. a4 {
[%clk 1:35:24]} 13... bxa4 {[%clk 1:36:04]} 14. Rxa4 {[%clk 1:35:45]} 14... a5
{[%clk 1:36:32]} 15. Bc4 {[%clk 1:36:07]} 15... Rb8 {[%clk 1:36:50]} 16. b3 {
[%clk 1:36:30]} 16... Kh8 {[%clk 1:37:09]} 17. Nce3 {[%clk 1:36:54]} 17... Bxe3
{[%clk 1:35:11]} 18. Nxe3 {[%clk 1:36:13]} 18... f5 {[%clk 1:25:46]} 19. exf5 {
[%clk 1:35:24]} 19... Ne7 {[%clk 1:17:13]} 20. g4 {[%clk 1:26:23]} 20... Bb7 {
[%clk 1:15:50]} 21. Nd5 {[%clk 1:22:48]} 21... Nxd5 {[%clk 1:13:30]} 22. Bxd5 {
[%clk 1:23:10]} 22... Qc7 {[%clk 1:13:34]} 23. Bxb7 {[%clk 1:17:03]} 23...
Qxc3+ {[%clk 1:13:39]} 24. Qd2 {[%clk 1:15:50]} 24... Qxd2+ {[%clk 1:13:44]}
25. Kxd2 {[%clk 1:16:13]} 25... Rxb7 {[%clk 1:14:12]} 26. Rb1 {[%clk 1:16:06]}
26... Rb5 {[%clk 1:13:34]} 27. Rc4 {[%clk 1:14:25]} 27... g6 {[%clk 1:12:27]}
28. Rc7 {[%clk 1:06:42]} 28... gxf5 {[%clk 1:11:43]} 1/2-1/2

[Event "DEM U12 2019"]
[Site "Willingen GER"]
[Date "2019.06.12"]
[Round "5"]
[White "Freude, Max"]
[Black "von Mettenheim, Johannes"]
[Result "1-0"]
[Termination "normal"]
[Board "3"]
[WhiteElo "1707"]
[BlackElo "1757"]
[WhiteClock "00:11:49"]
[BlackClock "00:20:19"]
[PlyCount "77"]
[WhiteFideId "16236157"]
[BlackFideId "16244818"]
[EventCountry "GER"]
[EventRounds "9"]
[EventType "swiss"]
[EventDate "2019.06.08"]

1. e4 {[%clk 1:30:58]} 1... c6 {[%clk 1:30:59]} 2. d4 {[%clk 1:31:22]} 2... d5
{[%clk 1:31:23]} 3. exd5 {[%clk 1:31:46]} 3... cxd5 {[%clk 1:31:50]} 4. Bd3 {
[%clk 1:32:07]} 4... Nc6 {[%clk 1:32:16]} 5. c3 {[%clk 1:32:27]} 5... Nf6 {
[%clk 1:32:42]} 6. Bf4 {[%clk 1:32:45]} 6... Bg4 {[%clk 1:33:08]} 7. Qb3 {
[%clk 1:33:03]} 7... e5 {[%clk 1:27:14]} 8. h3 {[%clk 1:32:28]} 8... Qe7 {
[%clk 1:23:43]} 9. hxg4 {[%clk 1:28:53]} 9... exf4+ {[%clk 1:23:07]} 10. Kf1 {
[%clk 1:29:03]} 10... Nxg4 {[%clk 1:22:11]} 11. Nd2 {[%clk 1:28:56]} 11... Qd7
{[%clk 1:18:49]} 12. Re1+ {[%clk 1:26:46]} 12... Be7 {[%clk 1:15:03]} 13. Nh3 {
[%clk 1:23:34]} 13... O-O-O {[%clk 1:15:05]} 14. Qc2 {[%clk 1:14:14]} 14... g6
{[%clk 1:14:14]} 15. b4 {[%clk 1:11:05]} 15... Bh4 {[%clk 1:08:00]} 16. Nf3 {
[%clk 1:03:28]} 16... Bf6 {[%clk 0:52:56]} 17. a4 {[%clk 0:48:09]} 17... Kb8 {
[%clk 0:48:28]} 18. a5 {[%clk 0:44:44]} 18... Rc8 {[%clk 0:48:32]} 19. Qa4 {
[%clk 0:41:36]} 19... Qc7 {[%clk 0:45:35]} 20. Ra1 {[%clk 0:37:01]} 20... Nd8 {
[%clk 0:38:55]} 21. Ra3 {[%clk 0:35:11]} 21... Ne6 {[%clk 0:37:20]} 22. b5 {
[%clk 0:33:14]} 22... Qd7 {[%clk 0:34:35]} 23. Ke2 {[%clk 0:27:56]} 23... Rhe8
{[%clk 0:34:12]} 24. Kd2 {[%clk 0:27:54]} 24... h6 {[%clk 0:33:32]} 25. Rb1 {
[%clk 0:25:04]} 25... Ng5 {[%clk 0:33:16]} 26. Nfxg5 {[%clk 0:20:12]} 26...
Bxg5 {[%clk 0:33:05]} 27. b6 {[%clk 0:19:14]} 27... Qxa4 {[%clk 0:32:54]} 28.
bxa7+ {[%clk 0:19:34]} 28... Kxa7 {[%clk 0:33:06]} 29. Rxa4 {[%clk 0:19:58]}
29... f3+ {[%clk 0:20:27]} 30. Nxg5 {[%clk 0:18:30]} 30... hxg5 {[%clk 0:20:56]
} 31. Rab4 {[%clk 0:15:50]} 31... Re7 {[%clk 0:19:44]} 32. gxf3 {[%clk 0:13:55]
} 32... Nxf2 {[%clk 0:19:50]} 33. Bf1 {[%clk 0:13:41]} 33... g4 {[%clk 0:19:30]
} 34. a6 {[%clk 0:12:22]} 34... bxa6 {[%clk 0:19:16]} 35. Bxa6 {[%clk 0:12:27]}
35... Rcc7 {[%clk 0:19:26]} 36. Ra4 {[%clk 0:11:16]} 36... Ka8 {[%clk 0:19:42]}
37. Bc4+ {[%clk 0:11:28]} 37... Ra7 {[%clk 0:20:00]} 38. Bxd5+ {[%clk 0:11:49]}
38... Reb7 {[%clk 0:20:19]} 39. Bxb7+ 1-0

[Event "DEM U12 2019"]
[Site "Willingen GER"]
[Date "2019.06.12"]
[Round "5"]
[White "Zweigait, Leon"]
[Black "Metzdorf, Matteo"]
[Result "0-1"]
[Termination "normal"]
[Board "4"]
[WhiteElo "1474"]
[BlackElo "1837"]
[WhiteClock "00:53:36"]
[BlackClock "00:02:21"]
[PlyCount "60"]
[WhiteFideId "16201388"]
[BlackFideId "16209869"]
[EventCountry "GER"]
[EventRounds "9"]
[EventType "swiss"]
[EventDate "2019.06.08"]

1. Nf3 {[%clk 1:30:57]} 1... Nf6 {[%clk 1:30:46]} 2. d4 {[%clk 1:31:20]} 2...
e6 {[%clk 1:30:51]} 3. c4 {[%clk 1:31:40]} 3... d5 {[%clk 1:31:14]} 4. Bg5 {
[%clk 1:31:57]} 4... Be7 {[%clk 1:31:18]} 5. e3 {[%clk 1:32:19]} 5... h6 {
[%clk 1:31:33]} 6. Bxf6 {[%clk 1:32:40]} 6... Bxf6 {[%clk 1:31:52]} 7. Qc2 {
[%clk 1:33:04]} 7... O-O {[%clk 1:26:32]} 8. h4 {[%clk 1:33:28]} 8... Re8 {
[%clk 1:08:52]} 9. Nc3 {[%clk 1:31:00]} 9... b6 {[%clk 0:48:16]} 10. g4 { [%clk
1:28:14]} 10... g6 {[%clk 0:44:08]} 11. cxd5 {[%clk 1:24:25]} 11... exd5 {[%clk
0:43:30]} 12. g5 {[%clk 1:19:42]} 12... hxg5 {[%clk 0:33:52]} 13. hxg5 { [%clk
1:19:47]} 13... Bg7 {[%clk 0:33:22]} 14. Rd1 {[%clk 1:17:10]} 14... Bf5 { [%clk
0:27:36]} 15. Bd3 {[%clk 1:17:24]} 15... Bxd3 {[%clk 0:27:14]} 16. Qxd3 { [%clk
1:17:39]} 16... c6 {[%clk 0:25:43]} 17. Ke2 {[%clk 1:16:20]} 17... Qd6 { [%clk
0:22:18]} 18. Rh4 {[%clk 1:12:31]} 18... Nd7 {[%clk 0:21:11]} 19. Rdh1 { [%clk
1:12:35]} 19... Kf8 {[%clk 0:15:24]} 20. Nd2 {[%clk 1:08:26]} 20... Rad8 {[%clk
0:13:11]} 21. f4 {[%clk 1:07:57]} 21... c5 {[%clk 0:07:52]} 22. Nf3 { [%clk
1:04:08]} 22... cxd4 {[%clk 0:06:41]} 23. Nxd4 {[%clk 1:00:49]} 23... Nc5
{[%clk 0:06:17]} 24. Qd2 {[%clk 1:00:15]} 24... Ne4 {[%clk 0:05:56]} 25. Nxe4 {
[%clk 1:00:32]} 25... Rxe4 {[%clk 0:04:32]} 26. Kf3 {[%clk 0:59:53]} 26... Rde8
{[%clk 0:04:24]} 27. f5 {[%clk 0:57:07]} 27... Qe5 {[%clk 0:02:05]} 28. Rxe4 {
[%clk 0:53:58]} 28... Qxe4+ {[%clk 0:02:25]} 29. Kf2 {[%clk 0:54:09]} 29...
Qxh1 {[%clk 0:02:42]} 30. Nf3 {[%clk 0:53:36]} 30... gxf5 {[%clk 0:02:21]} 0-1

[Event "DEM U12 2019"]
[Site "Willingen GER"]
[Date "2019.06.12"]
[Round "5"]
[White "Tomasjan, Samuel"]
[Black "Stork, Christopher"]
[Result "1/2-1/2"]
[Termination "normal"]
[Board "5"]
[WhiteElo "1476"]
[BlackElo "1817"]
[WhiteClock "00:00:59"]
[BlackClock "00:53:32"]
[PlyCount "62"]
[WhiteFideId "16235584"]
[BlackFideId "16215400"]
[EventCountry "GER"]
[EventRounds "9"]
[EventType "swiss"]
[EventDate "2019.06.08"]

1. e4 {[%clk 1:30:59]} 1... c5 {[%clk 1:30:56]} 2. Nf3 {[%clk 1:31:24]} 2... e6
{[%clk 1:31:22]} 3. d4 {[%clk 1:29:11]} 3... cxd4 {[%clk 1:31:46]} 4. Nxd4 {
[%clk 1:29:29]} 4... Nf6 {[%clk 1:32:11]} 5. Nc3 {[%clk 1:29:12]} 5... Nc6 {
[%clk 1:32:35]} 6. Nxc6 {[%clk 1:26:50]} 6... bxc6 {[%clk 1:32:46]} 7. e5 {
[%clk 1:21:42]} 7... Nd5 {[%clk 1:33:11]} 8. Nxd5 {[%clk 1:21:21]} 8... exd5 {
[%clk 1:32:34]} 9. Bf4 {[%clk 1:13:56]} 9... Bc5 {[%clk 1:31:53]} 10. c4 {
[%clk 1:07:44]} 10... Qb6 {[%clk 1:24:49]} 11. Qc2 {[%clk 1:07:54]} 11... Bb7 {
[%clk 1:24:53]} 12. cxd5 {[%clk 1:00:56]} 12... cxd5 {[%clk 1:24:52]} 13. Bd3 {
[%clk 1:00:42]} 13... Bb4+ {[%clk 1:19:56]} 14. Bd2 {[%clk 0:58:50]} 14... Rc8
{[%clk 1:19:33]} 15. Qd1 {[%clk 0:58:44]} 15... O-O {[%clk 1:18:12]} 16. O-O {
[%clk 0:54:09]} 16... Rfe8 {[%clk 1:16:34]} 17. Bxb4 {[%clk 0:45:52]} 17...
Qxb4 {[%clk 1:16:52]} 18. f4 {[%clk 0:44:18]} 18... Bc6 {[%clk 1:15:03]} 19. b3
{[%clk 0:42:30]} 19... d6 {[%clk 1:14:37]} 20. exd6 {[%clk 0:39:07]} 20... Qxd6
{[%clk 1:14:49]} 21. f5 {[%clk 0:34:03]} 21... f6 {[%clk 1:13:47]} 22. Rf3 {
[%clk 0:30:32]} 22... Re7 {[%clk 1:12:53]} 23. Rh3 {[%clk 0:24:24]} 23... Rce8
{[%clk 1:11:32]} 24. Qh5 {[%clk 0:22:45]} 24... h6 {[%clk 1:11:33]} 25. Rg3 {
[%clk 0:13:15]} 25... Qb4 {[%clk 1:06:39]} 26. Rf1 {[%clk 0:06:51]} 26... Qd2 {
[%clk 1:04:18]} 27. h3 {[%clk 0:04:19]} 27... Kh8 {[%clk 1:02:50]} 28. Kh2 {
[%clk 0:01:53]} 28... Re3 {[%clk 1:02:21]} 29. Rxg7 {[%clk 0:00:59]} 29... Kxg7
{[%clk 0:53:32]} 30. Qg6+ Kf8 31. Qh5 Kg7 1/2-1/2

[Event "DEM U12 2019"]
[Site "Willingen GER"]
[Date "2019.06.12"]
[Round "5"]
[White "Woltmann, Peter"]
[Black "Bungarten, Jona"]
[Result "1-0"]
[Termination "normal"]
[Board "6"]
[WhiteElo "1471"]
[BlackElo "1642"]
[WhiteClock "01:18:06"]
[BlackClock "00:52:22"]
[PlyCount "57"]
[WhiteFideId "16269349"]
[BlackFideId "16223608"]
[EventCountry "GER"]
[EventRounds "9"]
[EventType "swiss"]
[EventDate "2019.06.08"]

1. e4 {[%clk 1:30:52]} 1... e5 {[%clk 1:30:55]} 2. Nf3 {[%clk 1:31:19]} 2...
Nc6 {[%clk 1:31:20]} 3. d4 {[%clk 1:31:46]} 3... exd4 {[%clk 1:31:45]} 4. Bc4 {
[%clk 1:32:13]} 4... Nf6 {[%clk 1:32:06]} 5. e5 {[%clk 1:32:36]} 5... d5 {
[%clk 1:32:30]} 6. Bb5 {[%clk 1:33:00]} 6... Ne4 {[%clk 1:32:52]} 7. Nxd4 {
[%clk 1:33:23]} 7... Bc5 {[%clk 1:33:17]} 8. Be3 {[%clk 1:33:47]} 8... O-O {
[%clk 1:32:46]} 9. Nxc6 9... bxc6 {[%clk 1:32:29]} 10. Bxc5 {[%clk 1:34:21]}
10... Nxc5 {[%clk 1:32:27]} 11. Bxc6 {[%clk 1:32:40]} 11... Rb8 {[%clk 1:32:22]
} 12. Qxd5 {[%clk 1:33:03]} 12... Qxd5 {[%clk 1:32:25]} 13. Bxd5 { [%clk
1:33:23]} 13... Rxb2 {[%clk 1:32:42]} 14. Na3 {[%clk 1:33:41]} 14... Rd8 {[%clk
1:27:32]} 15. O-O-O {[%clk 1:31:55]} 15... Rb6 {[%clk 1:23:48]} 16. Bxf7+
{[%clk 1:31:44]} 16... Kxf7 {[%clk 1:20:55]} 17. Rxd8 {[%clk 1:32:08]} 17...
Be6 {[%clk 1:20:33]} 18. f4 {[%clk 1:27:38]} 18... c6 {[%clk 1:18:23]} 19. Rf1
{[%clk 1:24:48]} 19... Ra6 {[%clk 1:11:42]} 20. Nb1 {[%clk 1:23:57]} 20... Rxa2
{[%clk 1:11:52]} 21. f5 {[%clk 1:23:45]} 21... Bd5 {[%clk 1:12:04]} 22. e6+
{[%clk 1:21:48]} 22... Ke7 {[%clk 1:07:36]} 23. Rg8 {[%clk 1:20:35]} 23... Be4
{[%clk 0:57:30]} 24. Rxg7+ {[%clk 1:19:49]} 24... Ke8 {[%clk 0:57:11] } 25. f6
{[%clk 1:17:42]} 25... Nxe6 {[%clk 0:52:35]} 26. Re7+ {[%clk 1:18:03]} 26...
Kf8 {[%clk 0:52:53]} 27. Rxe6 {[%clk 1:18:20]} 27... Bxg2 {[%clk 0:52:19] } 28.
Rf2 {[%clk 1:18:06]} 28... Bd5 {[%clk 0:52:22]} 29. Re7 1-0

[Event "DEM U12 2019"]
[Site "Willingen GER"]
[Date "2019.06.12"]
[Round "5"]
[White "Ohler, Julius"]
[Black "Deuer, Marius"]
[Result "1/2-1/2"]
[Termination "normal"]
[Board "7"]
[WhiteElo "1837"]
[BlackElo "1961"]
[WhiteClock "00:33:37"]
[BlackClock "00:21:30"]
[PlyCount "89"]
[WhiteFideId "16238982"]
[BlackFideId "16236432"]
[EventCountry "GER"]
[EventRounds "9"]
[EventType "swiss"]
[EventDate "2019.06.08"]

1. e4 {[%clk 1:30:58]} 1... e5 {[%clk 1:28:29]} 2. Nf3 {[%clk 1:31:21]} 2...
Nc6 {[%clk 1:28:53]} 3. c3 3... Nf6 {[%clk 1:21:56]} 4. d4 {[%clk 1:31:49]}
4... exd4 {[%clk 1:16:33]} 5. e5 {[%clk 1:32:09]} 5... Nd5 6. cxd4 6... d6 {
[%clk 1:12:02]} 7. Bb5 {[%clk 1:27:34]} 7... Be7 {[%clk 1:06:06]} 8. Qc2 {
[%clk 1:20:55]} 8... Bd7 {[%clk 1:04:23]} 9. Qb3 {[%clk 1:12:23]} 9... Nb6 {
[%clk 1:01:20]} 10. Nc3 {[%clk 1:08:23]} 10... d5 {[%clk 0:55:28]} 11. O-O {
[%clk 1:04:24]} 11... Bg4 {[%clk 0:52:01]} 12. Be3 {[%clk 0:58:59]} 12... O-O {
[%clk 0:41:46]} 13. h3 {[%clk 0:58:17]} 13... Bxf3 {[%clk 0:39:16]} 14. gxf3 {
[%clk 0:58:33]} 14... a6 {[%clk 0:38:21]} 15. Be2 {[%clk 0:51:30]} 15... Qd7 {
[%clk 0:34:01]} 16. Kh2 {[%clk 0:50:49]} 16... f5 {[%clk 0:31:42]} 17. f4 {
[%clk 0:50:43]} 17... Qe6 {[%clk 0:31:19]} 18. Bf3 {[%clk 0:44:13]} 18... Rad8
{[%clk 0:29:19]} 19. Rac1 {[%clk 0:34:32]} 19... Na5 {[%clk 0:26:25]} 20. Qc2 {
[%clk 0:33:29]} 20... Nac4 {[%clk 0:24:10]} 21. b3 {[%clk 0:26:28]} 21... Nxe3
{[%clk 0:23:41]} 22. fxe3 {[%clk 0:26:45]} 22... c6 {[%clk 0:22:49]} 23. Rf2 {
[%clk 0:24:46]} 23... Kf7 {[%clk 0:19:19]} 24. Rg2 {[%clk 0:21:58]} 24... g6 {
[%clk 0:17:37]} 25. Qd3 {[%clk 0:18:06]} 25... Ke8 {[%clk 0:16:11]} 26. Na4 {
[%clk 0:16:28]} 26... Nxa4 {[%clk 0:13:24]} 27. bxa4 {[%clk 0:16:51]} 27... Rd7
{[%clk 0:10:50]} 28. Rb2 {[%clk 0:16:15]} 28... Rf7 {[%clk 0:10:25]} 29. Rcb1 {
[%clk 0:15:47]} 29... Bd8 {[%clk 0:10:28]} 30. Rb3 {[%clk 0:11:49]} 30... h5 {
[%clk 0:09:31]} 31. Rg1 {[%clk 0:11:26]} 31... Rg7 {[%clk 0:09:38]} 32. Rb2 {
[%clk 0:11:05]} 32... Kf8 {[%clk 0:09:45]} 33. Rbg2 {[%clk 0:09:37]} 33... Kg8
{[%clk 0:09:02]} 34. Rb2 {[%clk 0:08:20]} 34... Kh7 {[%clk 0:08:56]} 35. Rgb1 {
[%clk 0:07:30]} 35... Kh6 {[%clk 0:08:30]} 36. Rg2 {[%clk 0:05:24]} 36... g5 {
[%clk 0:05:59]} 37. fxg5+ {[%clk 0:05:40]} 37... Rxg5 {[%clk 0:06:21]} 38. Rbg1
{[%clk 0:05:58]} 38... Rdg7 {[%clk 0:06:14]} 39. Qe2 {[%clk 0:06:01]} 39... Qg8
{[%clk 0:06:01]} 40. Qb2 {[%clk 0:04:44]} 40... h4 {[%clk 0:04:46]} 41. Qf2 {
[%clk 0:02:54]} 41... Rg3 {[%clk 0:02:51]} 42. Rxg3 {[%clk 0:02:16]} 42...
hxg3+ {[%clk 0:02:34]} 43. Rxg3 {[%clk 0:02:27]} 43... Rxg3 {[%clk 0:21:06]}
44. Qxg3 {[%clk 0:33:13]} 44... Qxg3+ {[%clk 0:21:30]} 45. Kxg3 {[%clk 0:33:37]
} 1/2-1/2

[Event "DEM U12 2019"]
[Site "Willingen GER"]
[Date "2019.06.12"]
[Round "5"]
[White "Rempe, Jonas"]
[Black "Hagner, Bennet"]
[Result "0-1"]
[Termination "normal"]
[Board "8"]
[WhiteElo "1781"]
[BlackElo "1900"]
[WhiteClock "00:25:42"]
[BlackClock "00:24:19"]
[PlyCount "100"]
[WhiteFideId "16202406"]
[BlackFideId "16224477"]
[EventCountry "GER"]
[EventRounds "9"]
[EventType "swiss"]
[EventDate "2019.06.08"]

1. e4 {[%clk 1:30:46]} 1... e5 {[%clk 1:30:48]} 2. Nf3 {[%clk 1:31:08]} 2...
Nc6 {[%clk 1:31:11]} 3. Bb5 {[%clk 1:31:31]} 3... a6 {[%clk 1:31:30]} 4. Ba4 {
[%clk 1:31:54]} 4... Nf6 {[%clk 1:31:48]} 5. O-O {[%clk 1:32:16]} 5... Be7 {
[%clk 1:32:07]} 6. Re1 {[%clk 1:32:39]} 6... b5 {[%clk 1:32:31]} 7. Bb3 { [%clk
1:33:04]} 7... d6 {[%clk 1:32:55]} 8. c3 {[%clk 1:33:18]} 8... O-O { [%clk
1:33:16]} 9. d4 {[%clk 1:33:43]} 9... Bb7 {[%clk 1:33:08]} 10. Nbd2 { [%clk
1:23:27]} 10... Re8 {[%clk 1:32:47]} 11. Nf1 {[%clk 1:23:23]} 11... Bf8 { [%clk
1:31:37]} 12. Ng3 {[%clk 1:23:45]} 12... g6 {[%clk 1:28:01]} 13. Ng5 { [%clk
0:50:43]} 13... Re7 {[%clk 1:23:30]} 14. Nf3 {[%clk 0:50:39]} 14... Bg7 { [%clk
1:15:43]} 15. Bc2 {[%clk 0:42:50]} 15... exd4 {[%clk 0:59:54]} 16. cxd4 { [%clk
0:41:11]} 16... Qe8 {[%clk 0:55:40]} 17. a3 {[%clk 0:28:42]} 17... Na5 { [%clk
0:47:40]} 18. Bg5 {[%clk 0:27:57]} 18... h6 {[%clk 0:46:54]} 19. Bxf6 { [%clk
0:24:27]} 19... Bxf6 {[%clk 0:47:22]} 20. Qd2 {[%clk 0:24:07]} 20... Nc6 {[%clk
0:43:56]} 21. Qxh6 {[%clk 0:21:37]} 21... Nxd4 {[%clk 0:43:14]} 22. Nxd4 {[%clk
0:21:36]} 22... Bxd4 {[%clk 0:43:43]} 23. Rad1 {[%clk 0:18:15]} 23... Bg7
{[%clk 0:41:00]} 24. Qg5 {[%clk 0:17:41]} 24... Re5 {[%clk 0:40:27]} 25. Qh4
{[%clk 0:17:07]} 25... Qe7 {[%clk 0:36:48]} 26. Qg4 {[%clk 0:17:12]} 26... Rg5
{[%clk 0:33:56]} 27. Qe2 {[%clk 0:15:19]} 27... Bxb2 {[%clk 0:29:40]} 28. f4
{[%clk 0:14:22]} 28... Rc5 {[%clk 0:29:18]} 29. Bb3 {[%clk 0:14:41]} 29... Bg7
{[%clk 0:26:15]} 30. Qg4 {[%clk 0:14:31]} 30... Qf6 {[%clk 0:25:35]} 31. e5
{[%clk 0:14:19]} 31... dxe5 {[%clk 0:25:25]} 32. Rd7 {[%clk 0:13:58]} 32... Rf8
{[%clk 0:22:00]} 33. fxe5 {[%clk 0:08:58]} 33... Rxe5 {[%clk 0:21:29]} 34. Rf1
{[%clk 0:08:37]} 34... Qb6+ {[%clk 0:19:51]} 35. Kh1 {[%clk 0:08:18]} 35... Qc6
{[%clk 0:12:25]} 36. Qh3 {[%clk 0:06:04]} 36... Bf6 {[%clk 0:08:05]} 37. Bxf7+
{[%clk 0:01:26]} 37... Rxf7 {[%clk 0:08:15]} 38. Rxf7 {[%clk 0:01:51]} 38...
Qxg2+ {[%clk 0:07:59]} 39. Qxg2 39... Bxg2+ {[%clk 0:08:21]} 40. Kxg2 { [%clk
0:02:30]} 40... Kxf7 {[%clk 0:08:50]} 41. Rc1 {[%clk 0:30:30]} 41... c5 { [%clk
0:38:46]} 42. Kf3 {[%clk 0:30:36]} 42... Re3+ {[%clk 0:37:10]} 43. Kg2 { [%clk
0:29:19]} 43... Bd4 {[%clk 0:35:44]} 44. Rc2 {[%clk 0:27:06]} 44... Rxa3 {[%clk
0:34:19]} 45. Ne4 {[%clk 0:27:31]} 45... c4 {[%clk 0:33:32]} 46. h3 { [%clk
0:27:02]} 46... Ke6 {[%clk 0:28:54]} 47. Kh2 {[%clk 0:25:53]} 47... Rb3 { [%clk
0:27:39]} 48. Re2 {[%clk 0:25:41]} 48... Be5+ {[%clk 0:26:31]} 49. Kg1 { [%clk
0:25:33]} 49... Rb1+ {[%clk 0:26:01]} 50. Kf2 {[%clk 0:25:42]} 50... Rb2 {[%clk
0:24:19]} 0-1

[Event "DEM U12 2019"]
[Site "Willingen GER"]
[Date "2019.06.12"]
[Round "5"]
[White "Malchereck, Zion"]
[Black "Fuchs, Florian"]
[Result "0-1"]
[Termination "normal"]
[Board "10"]
[WhiteElo "1438"]
[BlackElo "1746"]
[WhiteClock "00:36:20"]
[BlackClock "00:17:00"]
[PlyCount "106"]
[WhiteFideId "16269233"]
[BlackFideId "16213351"]
[EventCountry "GER"]
[EventRounds "9"]
[EventType "swiss"]
[EventDate "2019.06.08"]

1. e4 {[%clk 1:30:55]} 1... e6 {[%clk 1:30:55]} 2. d4 {[%clk 1:31:18]} 2... d5
{[%clk 1:31:20]} 3. exd5 {[%clk 1:31:36]} 3... exd5 {[%clk 1:31:45]} 4. Nf3 {
[%clk 1:31:32]} 4... Bd6 {[%clk 1:30:57]} 5. c4 {[%clk 1:31:44]} 5... c6 {
[%clk 1:30:18]} 6. c5 {[%clk 1:31:07]} 6... Be7 {[%clk 1:28:45]} 7. Bd3 { [%clk
1:29:28]} 7... Bg4 {[%clk 1:27:45]} 8. h3 {[%clk 1:27:45]} 8... Bh5 { [%clk
1:28:08]} 9. Be3 {[%clk 1:27:33]} 9... b6 {[%clk 1:26:42]} 10. O-O { [%clk
1:27:35]} 10... bxc5 {[%clk 1:25:44]} 11. dxc5 {[%clk 1:27:50]} 11... Nd7
{[%clk 1:25:44]} 12. Re1 {[%clk 1:26:17]} 12... Ngf6 {[%clk 1:25:18]} 13. Nbd2
{[%clk 1:25:20]} 13... O-O {[%clk 1:24:12]} 14. b4 {[%clk 1:23:58]} 14... a5 {
[%clk 1:21:16]} 15. a3 {[%clk 1:23:03]} 15... Re8 {[%clk 1:14:59]} 16. Qc2 {
[%clk 1:20:30]} 16... Bg6 {[%clk 1:13:36]} 17. Bxg6 {[%clk 1:17:53]} 17... hxg6
{[%clk 1:14:00]} 18. Nd4 {[%clk 1:18:01]} 18... Qc7 {[%clk 1:11:06]} 19. N2b3 {
[%clk 1:14:59]} 19... axb4 {[%clk 1:07:23]} 20. axb4 {[%clk 1:14:47]} 20... Nh5
{[%clk 0:50:58]} 21. Qd2 {[%clk 1:00:35]} 21... Bf6 {[%clk 0:49:16]} 22. Rec1 {
[%clk 0:55:47]} 22... Bxd4 {[%clk 0:46:45]} 23. Bxd4 {[%clk 0:54:01]} 23... Nf4
{[%clk 0:44:46]} 24. Be3 {[%clk 0:53:22]} 24... Ne6 {[%clk 0:45:03]} 25. Na5 {
[%clk 0:49:01]} 25... Rab8 {[%clk 0:35:02]} 26. Rab1 {[%clk 0:40:10]} 26... Rb5
{[%clk 0:35:17]} 27. Nb3 {[%clk 0:28:54]} 27... Reb8 {[%clk 0:22:09]} 28. Nd4 {
[%clk 0:28:40]} 28... Nxd4 {[%clk 0:21:49]} 29. Bxd4 {[%clk 0:28:40]} 29... Qb7
{[%clk 0:21:23]} 30. Qc3 {[%clk 0:28:44]} 30... f6 {[%clk 0:20:52]} 31. Qd3 {
[%clk 0:28:23]} 31... Rxb4 {[%clk 0:19:32]} 32. Rxb4 32... Qxb4 {[%clk 0:18:44]
} 33. Bc3 {[%clk 0:27:50]} 33... Qxc5 {[%clk 0:16:01]} 34. Bd2 {[%clk 0:27:27]}
34... Qd6 {[%clk 0:14:16]} 35. Qxg6 35... c5 {[%clk 0:10:54]} 36. Bh6 { [%clk
0:26:30]} 36... Qe7 {[%clk 0:11:10]} 37. Bf4 {[%clk 0:25:19]} 37... Rb4 { [%clk
0:10:24]} 38. Bg3 {[%clk 0:17:23]} 38... Qe4 {[%clk 0:08:07]} 39. Qh5 { [%clk
0:16:50]} 39... c4 {[%clk 0:07:59]} 40. Ra1 {[%clk 0:16:15]} 40... d4 { [%clk
0:04:54]} 41. Bd6 {[%clk 0:14:14]} 41... Rb1+ {[%clk 0:04:57]} 42. Rxb1 { [%clk
0:14:24]} 42... Qxb1+ {[%clk 0:05:22]} 43. Kh2 {[%clk 0:14:44]} 43... Qe4
{[%clk 0:05:38]} 44. Qb5 {[%clk 0:13:51]} 44... Qe6 {[%clk 0:05:44]} 45. Bf4 {
[%clk 0:13:25]} 45... c3 {[%clk 0:02:45]} 46. Kg3 {[%clk 0:13:28]} 46... Ne5 {
[%clk 0:24:38]} 47. Qc5 {[%clk 0:40:44]} 47... Qc4 {[%clk 0:22:35]} 48. Qe7 {
[%clk 0:39:41]} 48... Ng6 {[%clk 0:20:26]} 49. Qe8+ {[%clk 0:39:59]} 49... Kh7
{[%clk 0:20:36]} 50. Bc1 {[%clk 0:37:57]} 50... Qd3+ {[%clk 0:17:45]} 51. f3 {
[%clk 0:38:05]} 51... Qd1 {[%clk 0:17:26]} 52. Ba3 {[%clk 0:36:45]} 52... d3 {
[%clk 0:16:40]} 53. Qb5 {[%clk 0:36:20]} 53... Qe1+ {[%clk 0:17:00]} 0-1